UM Logo

The effect of presentation, product availability and ease upon transaction reliability for online food delivery aggregator applications : (Record no. 18321)

MARC details
000 -LEADER
fixed length control field 00926nam a22002177a 4500
003 - CONTROL NUMBER IDENTIFIER
control field OSt
005 - DATE AND TIME OF LATEST TRANSACTION
control field 20260213084526.0
008 - FIXED-LENGTH DATA ELEMENTS--GENERAL INFORMATION
fixed length control field 231006b ||||| |||| 00| 0 eng d
040 ## - CATALOGING SOURCE
Transcribing agency 0
082 ## - DEWEY DECIMAL CLASSIFICATION NUMBER
Classification number DPer 647.95 J826 January-December 2020 v. 23 n. 1-6
100 ## - MAIN ENTRY--PERSONAL NAME
Personal name Verma, Pranay.
Relator term author.
9 (RLIN) 49539
245 ## - TITLE STATEMENT
Title The effect of presentation, product availability and ease upon transaction reliability for online food delivery aggregator applications :
Remainder of title moderated mediated model /
Statement of responsibility, etc. Pranay Verma.
260 ## - PUBLICATION, DISTRIBUTION, ETC. (IMPRINT)
Place of publication, distribution, etc. USA ;
Name of publisher, distributor, etc. Taylor & Francis Group ,
Date of publication, distribution, etc. July-August 2020.
300 ## - PHYSICAL DESCRIPTION
Extent Volume 23, pages 285-304 :
Other physical details illustration ;
Dimensions 26 cm.
500 ## - GENERAL NOTE
General note Journal of Food Service Business Research, vol. 23, no. 4, pages 285-304, July-August 2020.
650 ## - SUBJECT ADDED ENTRY--TOPICAL TERM
Topical term or geographic name as entry element Food service.
9 (RLIN) 49540
650 #0 - SUBJECT ADDED ENTRY--TOPICAL TERM
Topical term or geographic name as entry element Product presentation.
9 (RLIN) 67118
650 #0 - SUBJECT ADDED ENTRY--TOPICAL TERM
Topical term or geographic name as entry element Product availability.
9 (RLIN) 67119
700 ## - ADDED ENTRY--PERSONAL NAME
Personal name Verma, Pranay.
Relator term author.
9 (RLIN) 49539
942 ## - ADDED ENTRY ELEMENTS (KOHA)
Source of classification or shelving scheme Dewey Decimal Classification
Koha item type Periodicals
Holdings
Withdrawn status Lost status Source of classification or shelving scheme Damaged status Not for loan Collection code Home library Current library Date acquired Total Checkouts Full call number Date last seen Price effective from Koha item type Public note
    Dewey Decimal Classification     Periodicals UM Digos College - LIC UM Digos College - LIC 10/06/2023   DPer 647.95 J826 January-December 2020 v. 23 n. 1-6 10/06/2023 10/06/2023 Periodicals Periodical Article